000 nam a22 7a 4500
999 _c7649
_d7649
008 170923b xxu||||| |||| 00| 0 eng d
100 _94144
_aGupta.B.L.
245 _aABC Indian Economic Development-XI
260 _aNew Delhi
_bArya
_c2009